000 005960000a22001810004500
003 MACL
005 20160611131150.0
008 160611b xxu||||| |||| 00| 0 eng d
040 _aMACL
_cMACL
041 _aHindi
082 _a150
100 _aफ्रायड, सिगमंड
_964250
245 _aफ्रायड मनोविश्‍लेषण
_cसिगमंड फ्रायड
260 _bराजपाल एण्‍ड संस
_c2010
_aदिल्‍ली
350 _a250
650 _aमनोविज्ञान
_931552
942 _cHIN
_k150
_2ddc
999 _c45796
_d45796